Examen Institutionum Imperalium Joachimi Hoppii Examen Institutionum Imperalium In Quo Et prima Rudimenta, & Solidiora Fundamenta, Typorum diversitate distincta ex ipsis Textibus perspicue ostenduntur. Accessit Memoriale Actionum Omnium, quotquot in Jure occurrunt In gratiam Cupidae LL. Juventutis Publici Juris factum. Editio Nova Auctior, Correctior. Cum Gratia & Privilegio Sacrae Caes. Majest. Et Potentiss. Regis Et Elect. Saxoniae

Podrobná bibliografia
Hlavný autor: Hoppe, Joachim 1656-1712 (Author of introduction, etc., Dedicator)
Korporácia: mestský senát a rada (Dedicatee), Conradi, Johann Gottfried (Publisher), knižnice - Knižnica Právnickej akadémie (Signer)
Ďalší autori: Gocig, Ignác, 1770-1834 (Signer), Jozef. I, rímsko-nemecký cisár, uhorský a český kráľ, 1705-1711 (Licensor), Sinzendorff, Carolus Ludovicus (Other), Bertram, Franciscus Winandus de (Other)
Médium: Kniha
Jazyk:Latin
Vydané: Francofurti Apud Joh. Gethofr. Conradi MDCCXXVI [=1726]
Témy:
Signatúra: E 11 PA
LEADER 02655nam a2200445 4500
001 000008821
005 20120309130417.0
008 120309s1726 gw e lat
FMT
040 |a SVKKK  |b slo  |c SVKKK  |e AACR2 
041 0 |a lat 
044 |a gw  |c DE 
080 |a 340.15 
100 1 |a Hoppe, Joachim  |d 1656-1712  |4 aut 
245 1 0 |a Examen Institutionum Imperalium  |b Joachimi Hoppii Examen Institutionum Imperalium In Quo Et prima Rudimenta, & Solidiora Fundamenta, Typorum diversitate distincta ex ipsis Textibus perspicue ostenduntur. Accessit Memoriale Actionum Omnium, quotquot in Jure occurrunt In gratiam Cupidae LL. Juventutis Publici Juris factum. Editio Nova Auctior, Correctior. Cum Gratia & Privilegio Sacrae Caes. Majest. Et Potentiss. Regis Et Elect. Saxoniae 
260 |a Francofurti  |b Apud Joh. Gethofr. Conradi  |c MDCCXXVI [=1726] 
300 |a [24],656,[88] s.)(/12,A/12-Z/12,Aa/12-Dd/12,Ee/4,a/12-c/12,d/8 [=384] list.  |c 12°. 14,5x9 cm 
500 |a Vinety ornam., titl. list s červeno-čiernou tlačou, linky ozdobné, verz. na 3 r., tlač. marginálie v lat. jaz., kustódy, rkp. pozn. 
504 |a Na zl. a/1-d/8 registre 
508 |a Na zl. )(/2 povolenie rímsko-nemeckého cisára Jozefa I. s datovaním "Viennae die sexta Junii anno millesimo septingentesimo octavo...Carolus Ludovicus Comes de Sinzendorff Ad Mandatum Sacrae Caesareae Majestatis propriam Franciscus Winandus de Bertram". Na zl. )(/3-)(/5a ded. autora pre: "...Gedanensis Senatui Splendissimi, Illustri Dn. Burgrafio Regio...Dominis Praeside Ac Praeconsulibus Caeteris, Consulibusque, Et Syndico...". Na zl. )(/5b-)(/7 úvod autora 
510 4 |a MZK 
561 |a Peč. Štátna vedecká knižnica v Košiciach; K. K. Rechtsakad. Bibliothek In Kaschau. Tlač. exlibris: Kassai királyi jogakademia Könyvtára Szekrény szám XXX Osztalyzat. Rkp.: Ign. Gozig 
563 |a Lepenka, svetlý pergamen 
653 1 |a právo 
653 1 |a rímske právo 
700 1 |a Gocig, Ignác,  |d 1770-1834.  |4 sgn 
700 1 |a Hoppe, Joachim  |d 1656-1712  |4 aui  |4 dto 
700 1 |a Jozef.  |b I,  |c rímsko-nemecký cisár, uhorský a český kráľ,  |d 1705-1711.  |4 lso 
700 1 |a Sinzendorff, Carolus Ludovicus  |4 oth 
700 1 |a Bertram, Franciscus Winandus de.  |4 oth 
710 0 |a mestský senát a rada  |c Gdańsk  |4 dte 
710 0 |a Conradi, Johann Gottfried  |c Frankfurt an der Oder  |d ca1712-1745  |4 pbl 
710 0 |a knižnice - Knižnica Právnickej akadémie  |c Košice  |4 sgn 
752 |a Nemecko  |d Frankfurt an der Oder 
852 |p E 11 PA 
904 |a cef-y----da------yyyb-1001-- 
905 |a af-a0dc- 
910 |a svkkk 
998 |a ST18 
BAS